Účtovanie o drobnom nehmotnom investičnom majetku, drobnom nehmotnom majetku, drobnom hmotnom investičnom majetku a drobnom hmotnom majetku

Interná smernica o účtovaní drobného nehmotného investičného majetku, drobného nehmotného majetku, drobného hmotného investičného majetku a drobného hmotného majetku. Praktické príklady.

Salvato in:
Dettagli Bibliografici
Autore principale: Šlosár, Rudolf
Natura: Capitolo di libro
Lingua:slovacco
Soggetti:
Tags: Aggiungi Tag
Nessun Tag, puoi essere il primo ad aggiungerne!!

MARC

LEADER 00000naa a2200000 4500
001 r038859
005 20231002072606.5
041 0 |a slo 
044 |a SK 
245 1 0 |a Účtovanie o drobnom nehmotnom investičnom majetku, drobnom nehmotnom majetku, drobnom hmotnom investičnom majetku a drobnom hmotnom majetku  |c Rudolf Šlosár 
520 |a Interná smernica o účtovaní drobného nehmotného investičného majetku, drobného nehmotného majetku, drobného hmotného investičného majetku a drobného hmotného majetku. Praktické príklady. 
610 2 0 |a majetok hmotný 
610 2 0 |a majetok investičný 
610 2 0 |a účtovanie 
610 2 0 |a účtovanie nákladov 
610 2 0 |a oceňovanie 
610 2 0 |a odpisy účtovné 
610 2 0 |a smernice 
610 2 0 |a Slovensko 
100 1 |a Šlosár, Rudolf